| 000 | 00000nam 2200000zi 4500 |
| 001 | 9.841807 |
| 003 | CaOODSP |
| 005 | 20221107152158 |
| 006 | m o d f |
| 007 | cr ||||||||||| |
| 008 | 170816t20172017onco #o f000 0 eng d |
| 020 | |a9780660093598 |
| 040 | |aCaOODSP|beng|erda|cCaOODSP |
| 043 | |an-cn--- |
| 086 | 1 |aFo4-62/2017E-PDF |
| 245 | 00|aImporting illegal forest products : |bknow the rules, avoid the penalties. |
| 246 | 10|aKnow the rules, avoid the penalties |
| 264 | 1|a[Ottawa] : |bNatural Resources Canada, Canadian Forest Service, |c[2017] |
| 264 | 4|c©2017 |
| 300 | |a1 online resource ([5] pages) : |bphotographs |
| 336 | |atext|btxt|2rdacontent |
| 337 | |acomputer|bc|2rdamedia |
| 338 | |aonline resource|bcr|2rdacarrier |
| 500 | |aTitle from caption. |
| 500 | |aIssued also in French under title: Importation de produits forestiers récoltés illégalement : connaître les règles pour éviter les sanctions. |
| 520 | |a"The Government of Canada is committed to combatting the illegal trade in forest products. The trade in illegally harvested timber is worth between US$30 billion and $100 billion, or 10 to 30 percent of global wood trade, according to INTERPOL and the United Nations Environment Programme. Illegal forest products also play a significant role in financing organized crime and contribute to the decline of endangered tree species and habitat for forest-dependent species"--page [1]. |
| 692 | 07|2gccst|aForestry products |
| 692 | 07|2gccst|aImports |
| 692 | 07|2gccst|aTrade policy |
| 710 | 1 |aCanada. |bNatural Resources Canada. |
| 710 | 2 |aCanadian Forest Service. |
| 775 | 08|tImportation de produits forestiers récoltés illégalement : |w(CaOODSP)9.841809 |
| 795 | |tImporting illegal forest products |w(CaOODSP)9.804832 |
| 856 | 40|qPDF|s1.34 MB|uhttps://publications.gc.ca/collections/collection_2019/rncan-nrcan/Fo4-62-2017-eng.pdf |